Monarch Epithets - French or Not French? - Statistics

General Stats
  • This quiz has been taken 13 times
  • The average score is 8 of 15
Answer Stats
Question Answer % Correct
the Posthumous French
83%
the Do-Nothing French
83%
the Elbow-High Not French
83%
the Beer Jug Not French
67%
the Purple-Born Not French
67%
from Overseas French
50%
the Father of Letters French
50%
the Citizen King French
50%
the Stammerer French
50%
Minus-a-Quarter Not French
50%
the She-Wolf of France Not French
50%
the Cabbage Not French
33%
the Universal Spider French
17%
the Amorous French
17%
the Sapient Not French
17%
No matching quizzes found
Score Distribution
Percent of People with Each Score
Percentile by Number Answered
Your Score History
You have not taken this quiz